|
|
|
|
| LEADER |
00959nam a22002652a 4500 |
| 001 |
000148499 |
| 003 |
CZ BrMZK |
| 005 |
20190909131400.0 |
| 007 |
ta |
| 008 |
950101s1956 xr f ger d |
| 040 |
|
|
|a ABA001
|b cze
|c ABA001
|d ABA001
|d BOA001
|
| 072 |
|
7 |
|a 821.16
|x Slovanské literatury
|2 Konspekt
|9 25
|
| 080 |
|
|
|a 821.16
|2 MRF
|
| 080 |
|
|
|a (0.036.6)
|2 MRF
|
| 100 |
1 |
|
|a Babler, Otto František,
|d 1901-1984
|7 jk01010495
|4 aut
|
| 245 |
1 |
0 |
|a Angelus Silesius in den slavischen Literaturen /
|c O.F. Babler
|
| 260 |
|
|
|a [Berlin :
|b Erich Schmidt Verlag,
|c 1956]
|
| 300 |
|
|
|a S. 153-162 ;
|c 8°
|
| 650 |
0 |
7 |
|a slovanské literatury
|7 ph125653
|2 czenas
|
| 655 |
|
7 |
|a separáty
|7 fd131867
|2 czenas
|
| 772 |
0 |
8 |
|i Separát ze seriálu:
|t Zeitschrift für deutsche Philologie,
|g 1956, Band 75, Heft 2
|
| 910 |
|
|
|a BOA001
|b X-0358.342
|
| 990 |
|
|
|a BK
|
| 991 |
|
|
|b 201904
|
| 996 |
7 |
|
|b 2619953784
|c X-0358.342
|l MZK
|r Sklad / do 24 hodin
|n 9
|w 000148499
|u 000010
|a 1
|e BOA001
|j MZK50
|s A
|